Geography Quiz

Random Geography or City Quiz

Colorado Cities (Map) Quiz Stats

 Plays Quiz not verified by Sporcle

Challenge
Share
Tweet
Score 0/10 Timer 03:00
0 Plays Today
% Correct
Denver
99.9%
Colorado Springs
96.6%
Aurora
91.3%
Fort Collins
84.5%
Pueblo
77%
Lakewood
59.9%
Arvada
58.4%
Thornton
51.3%
Westminster
50.5%
Centennial
50.3%

You're not logged in!

Compare scores with friends on all Sporcle quizzes.
OR
Log In

You Might Also Like...

Show Comments

Extras

Top Quizzes Today


Score Distribution

Your Account Isn't Verified!

In order to create a playlist on Sporcle, you need to verify the email address you used during registration. Go to your Sporcle Settings to finish the process.

Report this User

Report this user for behavior that violates our Community Guidelines.

Details: